000 01401nam a2200229Ia 4500
999 _c45517
_d45517
001 12342
003 GE_BSU
005 20240703145118.0
008 181216s2013||||ru |||||||||||||| ||rus||
020 _a978896971024
040 _cGE_BSU
041 _arus
080 _a821.353.1-1 З-78
245 _a Зов Алазани : Шедевры грузинской поэзии в переводах русских поэтов /
_cПод общей редакцией Владимира Хомерики ; Составление, предисловие и комментарии Михаила Синельникова ; Фонд "Единения русского и грузинского народа" (Фонд ЕРГН).
264 _aМосква :
_bФонд ЕРГН,
_c2013.
300 _a560 стр. :
_b[8] л. ил., портр. ;
_c21 см.
440 _aФонд "Единения русского и грузинского народа" (Фонд ЕРГН)
_922687
653 _aЗов Алазани.Шедевры грузинской поэзии в переводах русских поэтов
700 _aСинельников, Михаил
_d
_eშემდგენელი
_922685
700 _aХомерики, Владимир Кириллович
_eრედაქტორი, პროექტის ხელმძღვანელი
_922686
942 _cBK
_2udc